Culture Générale - Clic Quiz - La réponse est la partie d'une maison - Statistiques

Statistiques générales
  • Ce quiz a été pris 60 fois
  • Le résultat moyen est 24 sur 40
Statistiques - réponses
Hint Réponse % Correct
Endroit public de détente où est vendu du thé, qui peut être goûté sur place : _______ de thé Salon
93%
Dispositif qui permet d'obtenir une projection de la lumière sur un écran : ________ noire Chambre
87%
Pièce spécifique dans un bâtiment, spécialement équipée pour la préparation des aliments et des plats Cuisine
87%
Lieu de stationnement destiné aux véhicules Garage
87%
Rassemblement populaire au cours duquel des particuliers exposent les objets dont ils n'ont plus l'usage : Vides-_______ Grenier
85%
Commune française située dans le département des Bouches-du-Rhône (44 553 hab en 2022) : ________-de-Provence Salon
85%
Utilisée pour entreposer des bouteilles de vin (Les conditions de stockage et l'atmosphère y sont particulièrement régulées) Cave
83%
Corporelle quand il s'agit d'une mesure destinée à l'hygiène du corps Toilette(s)
81%
Dispositif destiné à donner la mort : _______ à gaz Chambre
80%
Annuellement nautique, automobile, du livre ou encore de l'agriculture Salon
80%
Roman policier de Gaston Leroux (1907) : Le Mystère de .. _______ jaune Chambre
78%
Film américain de Richard Thorpe, 1965 : _______ à part Chambre
78%
Se dit Küche en allemand Cuisine
78%
Album et chanson éponyme d'Henri Salvador, 2000 : _______ avec vue Chambre
76%
Peut être aussi sèche (à compost) ou à litière Toilette(s)
76%
(Très) Vulgairement peut désigner sexuellement une "fille facile" : _______ à bite Garage
72%
Exposition en ligne ne contenant que des images fixes ou animées : _______ virtuel Salon
70%
Ensemble des vêtements ou accessoires destinés à se parer Toilette(s)
70%
Zone où attendent les athlètes (une vingtaine de minutes) avant de concourir : _______ d'appel Chambre
69%
Footballeur international français prénommé Clément né en 1991 (5 sélections) Grenier
69%
Se dit baño en espagnol Toilette(s)
69%
Local hors-sol destiné au stockage du grain Grenier
65%
Emission humoristique de tests de jeux vidéo rétro, diffusée sur YouTube depuis le 29 septembre 2009 : Joueur du ________ Grenier
65%
En physique, peut être anéchoïque, réverbérante ou encore d'essais Chambre
63%
Artiste pluridisciplinaire australien ayant acquis sa notoriété en tant que chanteur, auteur et compositeur du groupe Nick ________ and the Bad Seeds Cave
57%
Pièce du Palais royal de Bruxelles qui a été la salle à manger des dignitaires de la Cour de Belgique : _______ bleu Salon
57%
Film français de Philippe Muyl, adapté de la pièce de théâtre du même titre d'Agnès Jaoui et de Jean-Pierre Bacri et sorti en 1993 : ________ et Dépendances Cuisine
50%
Genre de rock ayant émergé aux États-Unis et au Canada au milieu des années 1960 Garage
50%
Riche région agricole excédentaire en blé et autres céréales Grenier
50%
Chanson du groupe Muse parue en 1999. Il s'agit du 2e single du groupe et second extrait de l'album Showbiz Cave
41%
En ski de fond, partie située sous le ski au niveau de la chaussure et sur laquelle est appliqué le fart : ________ à fart Chambre
35%
Roman d'André Gide, paru en 1914 : Les ______s du Vatican Cave
31%
Somme des jetons dont dispose un joueur sur une table de poker Cave
26%
Commune de la ville métropolitaine de Rome Capitale dans le Latium en Italie (11 398 hab en 2018) Cave
26%
Charcuterie régionale spécifique au Médoc qui se déguste froide : _______ médocain Grenier
20%
Roman de Virginia Woolf (1922) : .. _______ de Jacob Chambre
19%
Présent dans le nom de plusieurs communes françaises : _______-Montgon (43), Beuzeville-la-_______ (76), Bois-_______ (59) et Mas-_______(82) Grenier
15%
Hiéroglyphe égyptien O51 selon la classification Gardiner : 𓊚 Grenier
13%
Localité du Sénégal, située au centre-ouest du pays, à 120 km à l'est de Dakar : Baba ________ Garage
11%
Commune française située dans le département de la Savoie (1 191 hab en 2022) au carrefour du col de la Madeleine et du col du Glandon: .. ________ Chambre
9%
Aucun quiz correspondant
Distribution des résultats
% des personnes avec chaque résultat
Percentile par nombre de réponses
Votre historique - résultats
Vous n’avez pas pris ce quiz